000 01129cam a22003377a 4500
003 CHAP
005 20220329142740.0
008 030521d1981 us a r 00110 eng d
010 _a87205
011 _a88177
020 _a087857350X
035 _a98722
040 _cCHAP
082 0 4 _a621.45
_bM3
100 0 0 _aMarier, Donald
_971369
245 1 0 _aWind power for the homeowner :
_ba guide to selecting, siting, and installing an electricity-generating wind power system
_c/by Donald Marier
260 _aUnited States ;
_bRodale Press,
_c1981.
300 _a368 p. ;
_bilus.
590 _aBATCH-UPD
_b10
_c20130110
_lUCH01
_h0405
590 _aBATCH-UPD
_b10
_c20130110
_lUCH01
_h1942
590 _aBATCH-UPD
_b10
_c20130410
_lUCH01
_h0039
590 _aBATCH-UPD
_b10
_c20130914
_lUCH01
_h1307
590 _aCONVERSION
_b10
_c20130109
_lUCH01
_h1348
650 1 4 _aEnergía eólica.
_936903
650 1 4 _aEnergía renovable.
_936910
650 1 4 _aEnergía
_xInvestigación.
_936886
901 _aBK
905 _aMayto Villalobos S.
942 _cLIBRO
949 _a621.45 M3
_bBC
_cLIBRO
_d33724000916581
_eLIBRO
_h103118
_i98722
_sb
999 _c87205
_d87205